000 00308nam a2200157Ia 4500
100 _aRodrigues/vijay
650 _aCorporate management
942 _cBK
366 _f20
245 _aCorporate magic
260 _bHimalaya
_c2017
082 _bROD
300 _a269
546 _aENGLISH
999 _c24710
_d24710